[Event "Fall ProAm U2000"]
[Site "Guelph CAN"]
[Date "2011.11.06"]
[Round "4"]
[White "Gashgarian, Robert"]
[Black "O'Sullivan, Patrick"]
[Result "1-0"]
[WhiteElo "1937"]
[BlackElo "1757"]
[PlyCount "99"]
[GameId "2160767909573671"]
[EventDate "2011.11.05"]
[EventType "swiss"]
[EventRounds "5"]
[EventCountry "CAN"]

1. d4 c6 2. Bf4 Nf6 3. e3 d5 4. Bd3 e6 5. c3 c5 6. Nd2 Nc6 7. Ngf3 Bd7 8. h3 Rc8 9. O-O Qb6 10. Rb1 cxd4 11. exd4 Be7 12. Qe2 O-O 13. Rfe1 a6 14. Nf1 Qa5 15. b4 Qd8 16. a4 Na7 17. Qc2 Qe8 18. b5 axb5 19. Ne5 Bc6 20. Nxc6 bxc6 21. Qb3 bxa4 22. Qxa4 Ra8 23. Rb7 Nb5 24. Qc2 Ra7 25. Rxa7 Nxa7 26. Rb1 Qd7 27. Nd2 c5 28. Ba6 Nc8 29. Nf3 Bd6 30. Ne5 Bxe5 31. Bxe5 c4 32. f3 Qa7 33. Qa4 Nb6 34. Qb5 Nfd7 35. Bd6 Ra8 36. Ra1 Nc8 37. Bb4 f6 38. Ra5 Qc7 39. Qa4 Nd6 40. Kf2 Nb8 41. Bxd6 Qxd6 42. Bb5 Rxa5 43. Qxa5 Kf8 44. Qa7 Qd8 45. g3 g6 46. f4 Qc8 47. Kf3 Nc6 48. Qc5+ Ke8 49. Bxc6+ Kd8 50. Qd6+ 1-0

[Event "Fall ProAm U2000"]
[Site "Guelph CAN"]
[Date "2011.11.06"]
[Round "4"]
[White "Zybura, Andre"]
[Black "Chen, Richard"]
[Result "1-0"]
[WhiteElo "1956"]
[BlackElo "1777"]
[PlyCount "57"]
[GameId "2160767909573672"]
[EventDate "2011.11.05"]
[EventType "swiss"]
[EventRounds "5"]
[EventCountry "CAN"]

1. e4 c5 2. d4 cxd4 3. c3 dxc3 4. Nxc3 Nc6 5. Nf3 a6 6. Bc4 e6 7. O-O Be7 8. Qe2 Qc7 9. Rd1 Bf6 10. Nd5 exd5 11. exd5+ Ne5 12. Nxe5 Qxe5 13. Qxe5+ Bxe5 14. Re1 d6 15. f4 f6 16. Bd2 Ne7 17. fxe5 fxe5 18. Bb4 Kd7 19. Rf1 b5 20. Be2 Nxd5 21. Bf3 Bb7 22. Rad1 Nxb4 23. Bxb7 Ra7 24. Rf7+ Ke8 25. Rc7 Rf8 26. Rxd6 Rf6 27. Rdd7 Rg6 28. a3 Nc6 29. Bxc6 1-0

[Event "Fall ProAm U2000"]
[Site "Guelph CAN"]
[Date "2011.11.06"]
[Round "5"]
[White "Laszlo, Robert"]
[Black "Gashgarian, Robert"]
[Result "1/2-1/2"]
[WhiteElo "1869"]
[BlackElo "1937"]
[PlyCount "48"]
[GameId "2160767909573673"]
[EventDate "2011.11.05"]
[EventType "swiss"]
[EventRounds "5"]
[EventCountry "CAN"]

1. e4 c5 2. Nf3 e6 3. d4 cxd4 4. Nxd4 a6 5. Bd3 Qc7 6. O-O b5 7. a3 Bb7 8. Nc3 Nf6 9. Be3 d5 10. exd5 Nxd5 11. Nxd5 Bxd5 12. f4 Nd7 13. Nb3 Rc8 14. Qd2 Be7 15. Bd4 Bf6 16. Qf2 O-O 17. Bxf6 Nxf6 18. Rae1 Rfd8 19. Nd2 Re8 20. h3 e5 21. fxe5 Rxe5 22. Rxe5 Qxe5 23. c3 Re8 24. Nf3 Bxf3 1/2-1/2

[Event "Fancy Lake Veranda"]
[Site "Fancy Lake CAN"]
[Date "2011.08.13"]
[Round "1"]
[White "Kenney, David"]
[Black "Naugler, Rex"]
[Result "1-0"]
[WhiteElo "1895"]
[BlackElo "1798"]
[PlyCount "135"]
[GameId "2160767909648974"]
[EventDate "2011.08.13"]
[EventType "tourn"]
[EventRounds "5"]
[EventCountry "CAN"]
[SourceTitle "EXT 2022"]
[Source "ChessBase"]
[SourceDate "2021.10.06"]
[SourceVersion "1"]
[SourceVersionDate "2021.10.06"]
[SourceQuality "1"]

1. d4 d5 2. Nf3 Nf6 3. e3 e6 4. Bd3 Nbd7 5. Nbd2 c5 6. c3 Be7 7. O-O b6 8. e4 dxe4 9. Nxe4 Bb7 10. Ng3 Qc7 11. Qe2 Nd5 12. Ne5 cxd4 13. Bb5 N5f6 14. cxd4 a6 15. Bd3 Nxe5 16. dxe5 Qc6 17. f3 Bc5+ 18. Kh1 Nd5 19. a3 b5 20. Bd2 Qb6 21. Ne4 O-O 22. Nxc5 Qxc5 23. Rac1 Qd4 24. Qe4 Qxe4 25. Bxe4 Rac8 26. b4 Rxc1 27. Rxc1 Rc8 28. Rxc8+ Bxc8 29. Kg1 Nb6 30. f4 Nc4 31. Bc1 f6 32. exf6 gxf6 33. Kf2 Nd6 34. Bc2 Bb7 35. g3 Bd5 36. Ke3 h5 37. Kf2 Kg7 38. Ke3 Nc4+ 39. Kd4 Bb7 40. a4 Bd5 41. axb5 a5 42. bxa5 Nxa5 43. b6 Bf3 44. Be3 h4 45. gxh4 e5+ 46. fxe5 Nc6+ 47. Kc5 Nxe5 48. Bf5 Bb7 49. h5 Nf7 50. Bf4 Ne5 51. Kd6 Nc4+ 52. Kc7 Bf3 53. b7 Bxb7 54. Kxb7 Ne5 55. Kc7 Nf7 56. Kd7 Nh6 57. Bd3 Ng8 58. Ke6 Nh6 59. Be2 Nf7 60. Bd3 Ng5+ 61. Kf5 Nf7 62. h4 Nh6+ 63. Ke6 Ng8 64. Bg6 Nh6 65. Bd2 Ng8 66. Bc3 Kh6 67. Kf7 f5 68. Kxg8 1-0

[Event "Fancy Lake Veranda"]
[Site "Fancy Lake CAN"]
[Date "2011.08.13"]
[Round "1"]
[White "Pentz, Brian"]
[Black "Charlton, Glenn"]
[Result "0-1"]
[WhiteElo "1957"]
[BlackElo "2061"]
[PlyCount "96"]
[GameId "2160767909648975"]
[EventDate "2011.08.13"]
[EventType "tourn"]
[EventRounds "5"]
[EventCountry "CAN"]
[SourceTitle "EXT 2022"]
[Source "ChessBase"]
[SourceDate "2021.10.06"]
[SourceVersion "1"]
[SourceVersionDate "2021.10.06"]
[SourceQuality "1"]

1. f4 Nf6 2. Nf3 g6 3. e3 Bg7 4. c4 c5 5. Nc3 O-O 6. Be2 Nc6 7. O-O d5 8. cxd5 Nxd5 9. Nxd5 Qxd5 10. d3 e5 11. e4 Qd8 12. Be3 b6 13. Qd2 exf4 14. Bxf4 Nd4 15. Be3 Ba6 16. Rad1 Nxe2+ 17. Qxe2 Qd7 18. Rf2 Rad8 19. Ne1 c4 20. d4 Qa4 21. a3 c3 22. Qc2 Qxc2 23. Rxc2 cxb2 24. Rxb2 Rfe8 25. Rbd2 Rxe4 26. Nc2 Bb5 27. Kf2 Ba4 28. Kf3 f5 29. d5 Rc4 30. Bg5 Rd7 31. Rc1 h6 32. Bf4 Rxc2 33. Rdxc2 Bxc2 34. Rxc2 Rxd5 35. Rc8+ Kh7 36. Rc7 g5 37. Bc1 Rd3+ 38. Ke2 Rb3 39. Rxa7 Kg6 40. Rd7 Bf8 41. Rd3 Rxd3 42. Kxd3 Bc5 43. a4 Kh5 44. Be3 Bxe3 45. Kxe3 f4+ 46. Kf3 Kh4 47. g3+ fxg3 48. hxg3+ Kh3 0-1

[Event "Fancy Lake Veranda"]
[Site "Fancy Lake CAN"]
[Date "2011.08.13"]
[Round "1"]
[White "Wysocki, Antoni"]
[Black "Kenney, Jason"]
[Result "1/2-1/2"]
[WhiteElo "2176"]
[BlackElo "2170"]
[PlyCount "66"]
[GameId "2160767909648976"]
[EventDate "2011.08.13"]
[EventType "tourn"]
[EventRounds "5"]
[EventCountry "CAN"]
[SourceTitle "EXT 2022"]
[Source "ChessBase"]
[SourceDate "2021.10.06"]
[SourceVersion "1"]
[SourceVersionDate "2021.10.06"]
[SourceQuality "1"]

1. c4 c5 2. Nc3 Nf6 3. g3 e6 4. Bg2 Be7 5. Nf3 O-O 6. O-O Nc6 7. d4 cxd4 8. Nxd4 a6 9. Bf4 Nxd4 10. Qxd4 d6 11. Be3 Rb8 12. Qa7 Bd7 13. c5 d5 14. Bf4 Ra8 15. Qxb7 Bxc5 16. e4 d4 17. e5 Ra7 18. Qf3 dxc3 19. exf6 cxb2 20. fxg7 Re8 21. Rab1 Qf6 22. Be3 Qxf3 23. Bxf3 Bxe3 24. fxe3 Bb5 25. Rfd1 Rc7 26. Rxb2 Rec8 27. Kf2 Rc3 28. Be2 Bxe2 29. Kxe2 Ra3 30. Rd3 Ra4 31. Rd4 Ra3 32. Rd3 Ra4 33. Rd4 Ra3 1/2-1/2

[Event "Fancy Lake Veranda"]
[Site "Fancy Lake CAN"]
[Date "2011.08.13"]
[Round "2"]
[White "Charlton, Glenn"]
[Black "Naugler, Rex"]
[Result "1-0"]
[WhiteElo "2070"]
[BlackElo "1798"]
[PlyCount "41"]
[GameId "2160767909648977"]
[EventDate "2011.08.13"]
[EventType "tourn"]
[EventRounds "5"]
[EventCountry "CAN"]
[SourceTitle "EXT 2022"]
[Source "ChessBase"]
[SourceDate "2021.10.06"]
[SourceVersion "1"]
[SourceVersionDate "2021.10.06"]
[SourceQuality "1"]

1. e4 c6 2. d4 d5 3. exd5 cxd5 4. Bd3 Nf6 5. c3 Nc6 6. Bf4 e6 7. Nd2 Bd6 8. Bxd6 Qxd6 9. Ngf3 O-O 10. O-O Bd7 11. Qe2 Rfe8 12. Ne5 Re7 13. f4 Be8 14. Rf3 Nd7 15. Bxh7+ Kf8 16. Rh3 g6 17. Qf2 Ndxe5 18. fxe5 Qd8 19. Bxg6 Rc7 20. Rh8+ Ke7 21. Bxf7 1-0

[Event "Fancy Lake Veranda"]
[Site "Fancy Lake CAN"]
[Date "2011.08.13"]
[Round "2"]
[White "Kenney, Jason"]
[Black "Kenney, David"]
[Result "1-0"]
[WhiteElo "2166"]
[BlackElo "1895"]
[PlyCount "91"]
[GameId "2160767909648978"]
[EventDate "2011.08.13"]
[EventType "tourn"]
[EventRounds "5"]
[EventCountry "CAN"]
[SourceTitle "EXT 2022"]
[Source "ChessBase"]
[SourceDate "2021.10.06"]
[SourceVersion "1"]
[SourceVersionDate "2021.10.06"]
[SourceQuality "1"]

1. e4 e5 2. Nf3 Nc6 3. Bc4 Bc5 4. O-O Nf6 5. c3 O-O 6. b4 Bb6 7. d3 d6 8. a4 a5 9. b5 Ne7 10. Nbd2 Ng6 11. Re1 Nf4 12. Nf1 Ng6 13. h3 Be6 14. Qb3 Bxc4 15. Qxc4 Nh5 16. Bg5 Qd7 17. d4 Nhf4 18. Rad1 Qe6 19. N3d2 f6 20. Qxe6+ Nxe6 21. Be3 Ba7 22. Nc4 b6 23. d5 Nd8 24. g3 f5 25. exf5 Rxf5 26. Kg2 Nb7 27. Ncd2 Raf8 28. Nh2 Nc5 29. Bxc5 bxc5 30. f3 Ne7 31. Nc4 Bb6 32. Re4 Ng6 33. Rd3 h5 34. h4 Kh7 35. Nf1 R5f7 36. Nfd2 Rf6 37. Re2 Kh6 38. Ne4 R6f7 39. Nxb6 cxb6 40. Nxd6 Rd7 41. Nc4 Rb7 42. Nxe5 Re7 43. Rde3 Rf5 44. Nxg6 Rxe3 45. Rxe3 Kxg6 46. c4 1-0

[Event "Fancy Lake Veranda"]
[Site "Fancy Lake CAN"]
[Date "2011.08.13"]
[Round "2"]
[White "Pentz, Brian"]
[Black "Wysocki, Antoni"]
[Result "0-1"]
[WhiteElo "1957"]
[BlackElo "2176"]
[PlyCount "64"]
[GameId "2160767909648979"]
[EventDate "2011.08.13"]
[EventType "tourn"]
[EventRounds "5"]
[EventCountry "CAN"]
[SourceTitle "EXT 2022"]
[Source "ChessBase"]
[SourceDate "2021.10.06"]
[SourceVersion "1"]
[SourceVersionDate "2021.10.06"]
[SourceQuality "1"]

1. f4 g6 2. Nf3 Bg7 3. e3 c5 4. c3 Nf6 5. d4 O-O 6. Bd3 d6 7. O-O Nc6 8. Qc2 e5 9. dxe5 dxe5 10. e4 Qe7 11. fxe5 Ng4 12. Bg5 Qc7 13. Nbd2 Ncxe5 14. Nxe5 Bxe5 15. h3 h6 16. hxg4 hxg5 17. Nf3 Bf4 18. Rae1 c4 19. Be2 Be3+ 20. Rf2 Bxg4 21. Nd4 Bxf2+ 22. Kxf2 Qf4+ 23. Bf3 Bxf3 24. Nxf3 Rad8 25. Kg1 Rd3 26. Qf2 Re8 27. e5 b6 28. Qe2 g4 29. Nd4 Rd2 30. Qf1 Qxf1+ 31. Kxf1 Rxb2 32. e6 fxe6 0-1

[Event "Fancy Lake Veranda"]
[Site "Fancy Lake CAN"]
[Date "2011.08.13"]
[Round "3"]
[White "Kenney, David"]
[Black "Pentz, Brian"]
[Result "1/2-1/2"]
[WhiteElo "1895"]
[BlackElo "1957"]
[PlyCount "82"]
[GameId "2160767909648980"]
[EventDate "2011.08.13"]
[EventType "tourn"]
[EventRounds "5"]
[EventCountry "CAN"]
[SourceTitle "EXT 2022"]
[Source "ChessBase"]
[SourceDate "2021.10.06"]
[SourceVersion "1"]
[SourceVersionDate "2021.10.06"]
[SourceQuality "1"]

1. d4 f5 2. Bg5 Nf6 3. Bxf6 exf6 4. e3 d5 5. Nf3 Be6 6. Bd3 Nc6 7. a3 Qd7 8. Nbd2 Qf7 9. Rc1 Nd8 10. c4 g6 11. O-O c6 12. Re1 Bd6 13. cxd5 cxd5 14. Nf1 O-O 15. Ng3 f4 16. Nf1 g5 17. exf4 Bxf4 18. Rc2 Nc6 19. g3 Bd6 20. Rce2 Bg4 21. N1d2 Rad8 22. b4 Qh5 23. Kg2 Bh3+ 24. Kg1 g4 25. Nh4 Nxd4 26. Re3 f5 27. Nb3 Nxb3 28. Qxb3 f4 29. Re6 fxg3 30. hxg3 Qf7 31. Qb2 Rde8 32. Rxe8 Rxe8 33. Rxe8+ Qxe8 34. Qd2 Qe5 35. Nf5 Be7 36. Nxe7+ Qxe7 37. Bb5 Qe4 38. Qg5+ Kf7 39. Qh5+ Kg7 40. Qg5+ Qg6 41. Qxd5 Qf7 1/2-1/2

[Event "Fancy Lake Veranda"]
[Site "Fancy Lake CAN"]
[Date "2011.08.13"]
[Round "3"]
[White "Naugler, Rex"]
[Black "Kenney, Jason"]
[Result "0-1"]
[WhiteElo "1798"]
[BlackElo "2170"]
[PlyCount "50"]
[GameId "2160767909648981"]
[EventDate "2011.08.13"]
[EventType "tourn"]
[EventRounds "5"]
[EventCountry "CAN"]
[SourceTitle "EXT 2022"]
[Source "ChessBase"]
[SourceDate "2021.10.06"]
[SourceVersion "1"]
[SourceVersionDate "2021.10.06"]
[SourceQuality "1"]

1. d4 Nf6 2. Nf3 g6 3. Nc3 d5 4. Bf4 Bg7 5. e3 c5 6. Bb5+ Bd7 7. O-O O-O 8. Re1 Qb6 9. a4 Bxb5 10. Nxb5 Rc8 11. c3 a6 12. dxc5 Rxc5 13. Nbd4 Nbd7 14. Qb3 Ne4 15. Qxb6 Nxb6 16. Nb3 Rc4 17. Na5 Rxa4 18. Nxb7 Rxa1 19. Rxa1 Nc4 20. Ra2 e5 21. Bg3 Rb8 22. Na5 Nxc3 23. Nc6 Rb6 24. Ne7+ Kf8 25. Ra1 Ne2+ 0-1

[Event "Fancy Lake Veranda"]
[Site "Fancy Lake CAN"]
[Date "2011.08.13"]
[Round "3"]
[White "Wysocki, Antoni"]
[Black "Charlton, Glenn"]
[Result "1-0"]
[WhiteElo "2176"]
[BlackElo "2061"]
[PlyCount "41"]
[GameId "2160767909648982"]
[EventDate "2011.08.13"]
[EventType "tourn"]
[EventRounds "5"]
[EventCountry "CAN"]
[SourceTitle "EXT 2022"]
[Source "ChessBase"]
[SourceDate "2021.10.06"]
[SourceVersion "1"]
[SourceVersionDate "2021.10.06"]
[SourceQuality "1"]

1. Nf3 Nf6 2. c4 g6 3. g3 Bg7 4. Bg2 O-O 5. Nc3 d6 6. O-O e5 7. d3 h6 8. Rb1 a5 9. a3 Re8 10. Ne1 c6 11. Nc2 d5 12. cxd5 cxd5 13. d4 exd4 14. Nxd4 Nc6 15. Be3 Rxe3 16. fxe3 Ng4 17. Bxd5 Nxe3 18. Nxc6 Qb6 19. Na4 Qb5 20. Ne7+ Kh8 21. Qb3 1-0

[Event "Fancy Lake Veranda"]
[Site "Fancy Lake CAN"]
[Date "2011.08.14"]
[Round "4"]
[White "Charlton, Glenn"]
[Black "Kenney, Jason"]
[Result "0-1"]
[WhiteElo "2061"]
[BlackElo "2170"]
[PlyCount "74"]
[GameId "2160767909648983"]
[EventDate "2011.08.13"]
[EventType "tourn"]
[EventRounds "5"]
[EventCountry "CAN"]
[SourceTitle "EXT 2022"]
[Source "ChessBase"]
[SourceDate "2021.10.06"]
[SourceVersion "1"]
[SourceVersionDate "2021.10.06"]
[SourceQuality "1"]

1. e4 c5 2. Nc3 Nc6 3. f4 g6 4. Nf3 Bg7 5. Bb5 Nd4 6. O-O Nxb5 7. Nxb5 d5 8. e5 a6 9. Nc3 d4 10. Ne4 Qd5 11. d3 Nh6 12. Qe1 b6 13. b4 O-O 14. bxc5 bxc5 15. Ba3 Bf5 16. Nxc5 f6 17. e6 Rfc8 18. Nb3 Rxc2 19. Nbxd4 Rxa2 20. Nxf5 Nxf5 21. Qe4 Rxa1 22. Rxa1 Rd8 23. Bb4 Qb5 24. Ra3 Nd6 25. Qd4 Qf5 26. Rxa6 Qxe6 27. Qb6 Qc8 28. Bxd6 exd6 29. Qb3+ Kh8 30. Ra4 Qc5+ 31. Kf1 h5 32. g3 Qe3 33. Nh4 g5 34. Nf5 Qf3+ 35. Kg1 Re8 36. Re4 Rxe4 37. dxe4 Qxb3 0-1

[Event "Fancy Lake Veranda"]
[Site "Fancy Lake CAN"]
[Date "2011.08.14"]
[Round "4"]
[White "Pentz, Brian"]
[Black "Naugler, Rex"]
[Result "1/2-1/2"]
[WhiteElo "1957"]
[BlackElo "1798"]
[PlyCount "134"]
[GameId "2160767909648984"]
[EventDate "2011.08.13"]
[EventType "tourn"]
[EventRounds "5"]
[EventCountry "CAN"]
[SourceTitle "EXT 2022"]
[Source "ChessBase"]
[SourceDate "2021.10.06"]
[SourceVersion "1"]
[SourceVersionDate "2021.10.06"]
[SourceQuality "1"]

1. Nf3 d5 2. e3 g6 3. c4 Nf6 4. Nc3 Bg7 5. d4 O-O 6. cxd5 Nxd5 7. Qb3 Nb6 8. Be2 Be6 9. Qc2 Nc6 10. O-O Nb4 11. Qd1 N6d5 12. e4 Nf6 13. a3 Na6 14. Ng5 Bd7 15. e5 Ne8 16. Qb3 Rb8 17. Be3 e6 18. f4 c6 19. Qc2 Nac7 20. Bd3 f5 21. Rae1 h6 22. Nf3 Nd5 23. Bc1 Nec7 24. Qf2 Qe7 25. Ne2 Kh7 26. h4 Be8 27. Nh2 h5 28. Nf3 Bh6 29. Ng5+ Bxg5 30. hxg5 Kg7 31. Qh4 Rh8 32. Rf3 Bf7 33. Rh3 Rbg8 34. Qf2 Rd8 35. Qf3 Rdg8 36. b4 Rd8 37. Bb2 a6 38. Rc1 Nb5 39. Rc5 Nbc7 40. Nc1 Nb6 41. Qd1 Ncd5 42. Ne2 Nd7 43. Rc1 N7b6 44. Qb3 Qd7 45. a4 Qe7 46. Ba3 Qd7 47. Rf3 Na8 48. b5 cxb5 49. axb5 a5 50. Bd6 Rc8 51. Ra1 b6 52. Bc4 Nac7 53. Rd1 Ne8 54. Ba3 Nec7 55. Nc3 Nxc3 56. Rxc3 Nxb5 57. Bxb5 Rxc3 58. Qxc3 Qxb5 59. Be7 Re8 60. Bf6+ Kg8 61. Rc1 Qd7 62. Kf2 a4 63. Qb4 b5 64. Rc5 Rb8 65. Be7 a3 66. Bd6 a2 67. Qa3 Rc8 1/2-1/2

[Event "Fancy Lake Veranda"]
[Site "Fancy Lake CAN"]
[Date "2011.08.14"]
[Round "4"]
[White "Wysocki, Antoni"]
[Black "Kenney, David"]
[Result "1/2-1/2"]
[WhiteElo "2176"]
[BlackElo "1895"]
[PlyCount "53"]
[GameId "2160767909648985"]
[EventDate "2011.08.13"]
[EventType "tourn"]
[EventRounds "5"]
[EventCountry "CAN"]
[SourceTitle "EXT 2022"]
[Source "ChessBase"]
[SourceDate "2021.10.06"]
[SourceVersion "1"]
[SourceVersionDate "2021.10.06"]
[SourceQuality "1"]

1. c4 c5 2. Nc3 Nf6 3. Nf3 Nc6 4. g3 g6 5. Bg2 Bg7 6. O-O d5 7. cxd5 Nxd5 8. Nxd5 Qxd5 9. d3 O-O 10. Be3 Qd6 11. Rc1 b6 12. d4 Ba6 13. dxc5 bxc5 14. Rxc5 Rac8 15. Qxd6 exd6 16. Rc2 Nb4 17. Rxc8 Rxc8 18. a3 Nc2 19. Bxa7 Bxb2 20. Rb1 Bxa3 21. Bf1 Bc5 22. Bxc5 dxc5 23. Rb6 Nb4 24. Ne5 Rc7 25. e4 Bxf1 26. Kxf1 Kg7 27. Nc4 1/2-1/2

[Event "Fancy Lake Veranda"]
[Site "Fancy Lake CAN"]
[Date "2011.08.14"]
[Round "5"]
[White "Kenney, David"]
[Black "Charlton, Glenn"]
[Result "0-1"]
[WhiteElo "1895"]
[BlackElo "2061"]
[PlyCount "66"]
[GameId "2160767909648986"]
[EventDate "2011.08.13"]
[EventType "tourn"]
[EventRounds "5"]
[EventCountry "CAN"]
[SourceTitle "EXT 2022"]
[Source "ChessBase"]
[SourceDate "2021.10.06"]
[SourceVersion "1"]
[SourceVersionDate "2021.10.06"]
[SourceQuality "1"]

1. d4 Nf6 2. Nf3 g6 3. c4 Bg7 4. Nc3 O-O 5. e4 d6 6. Be2 e5 7. dxe5 dxe5 8. Qxd8 Rxd8 9. Bg5 Rf8 10. Rd1 Na6 11. h3 Nc5 12. Nd2 a5 13. O-O c6 14. b3 Ne6 15. Be3 Nd4 16. f3 Nh5 17. Rf2 Bf6 18. g4 Nf4 19. Rh2 Bh4 20. Bf1 Rd8 21. Bf2 Be7 22. Be1 Bb4 23. Rc1 b5 24. cxb5 cxb5 25. Kh1 Ba6 26. Ncb1 Rac8 27. Rxc8 Rxc8 28. a4 Rc1 29. axb5 Bxb5 30. Bxb5 Rxe1+ 31. Bf1 Nxf3 32. Nxf3 Rxf1+ 33. Ng1 Rxb1 0-1

[Event "Fancy Lake Veranda"]
[Site "Fancy Lake CAN"]
[Date "2011.08.14"]
[Round "5"]
[White "Kenney, Jason"]
[Black "Pentz, Brian"]
[Result "1-0"]
[WhiteElo "2166"]
[BlackElo "1957"]
[PlyCount "99"]
[GameId "2160767909648987"]
[EventDate "2011.08.13"]
[EventType "tourn"]
[EventRounds "5"]
[EventCountry "CAN"]
[SourceTitle "EXT 2022"]
[Source "ChessBase"]
[SourceDate "2021.10.06"]
[SourceVersion "1"]
[SourceVersionDate "2021.10.06"]
[SourceQuality "1"]

1. Nf3 f5 2. d3 d6 3. e4 e5 4. Nc3 Nf6 5. exf5 Bxf5 6. d4 e4 7. Nh4 Bg4 8. Be2 Bxe2 9. Qxe2 d5 10. Bg5 Bb4 11. Qb5+ Nc6 12. Qxb7 Nxd4 13. O-O-O Bxc3 14. bxc3 Rb8 15. Qa6 Nb5 16. a4 Na3 17. Be3 Rb1+ 18. Kd2 Nc4+ 19. Ke2 Rxd1 20. Rxd1 Nxe3 21. fxe3 Qd7 22. Qb5 O-O 23. Qxd7 Nxd7 24. Rxd5 Nb6 25. Ra5 Nc8 26. Nf5 Rf6 27. Re5 Kf7 28. Ng3 Ra6 29. Rxe4 Nb6 30. Rf4+ Ke6 31. Ne4 Nxa4 32. Kd2 h6 33. Nf2 Nc5 34. Rc4 Kd5 35. Rd4+ Ke5 36. c4 Rd6 37. Nd3+ Nxd3 38. Rxd6 cxd6 39. cxd3 h5 40. Kc3 h4 41. d4+ Ke4 42. Kb4 Kxe3 43. c5 dxc5+ 44. dxc5 Kf2 45. c6 Kxg2 46. c7 Kxh2 47. c8=Q h3 48. Qg4 g5 49. Kc3 a5 50. Kd2 1-0

[Event "Fancy Lake Veranda"]
[Site "Fancy Lake CAN"]
[Date "2011.08.14"]
[Round "5"]
[White "Naugler, Rex"]
[Black "Wysocki, Antoni"]
[Result "0-1"]
[WhiteElo "1798"]
[BlackElo "2177"]
[PlyCount "85"]
[GameId "2160767909648988"]
[EventDate "2011.08.13"]
[EventType "tourn"]
[EventRounds "5"]
[EventCountry "CAN"]
[SourceTitle "EXT 2022"]
[Source "ChessBase"]
[SourceDate "2021.10.06"]
[SourceVersion "1"]
[SourceVersionDate "2021.10.06"]
[SourceQuality "1"]

1. d4 g6 2. Nf3 Bg7 3. e4 d6 4. Be2 Nf6 5. Nc3 O-O 6. Be3 c6 7. Qd2 b5 8. Bd3 Nbd7 9. Bh6 e5 10. Bxg7 Kxg7 11. h4 Re8 12. h5 Nxh5 13. d5 b4 14. Ne2 cxd5 15. g4 Nf4 16. Nxf4 exf4 17. Qxf4 Nf8 18. Qh6+ Kg8 19. Ng5 Qf6 20. Nxh7 Nxh7 21. Qxh7+ Kf8 22. Qh8+ Ke7 23. Qxf6+ Kxf6 24. O-O-O Bxg4 25. f3 Bd7 26. exd5 Rh8 27. Kd2 Rae8 28. Be4 Ke5 29. b3 Kf4 30. c4 bxc3+ 31. Kxc3 f5 32. Bd3 g5 33. Rxh8 Rxh8 34. Re1 Rh7 35. Rg1 Rh2 36. a4 Rf2 37. Re1 Rxf3 38. Re7 Bc8 39. Rf7 g4 40. Rf8 g3 41. Rxc8 g2 42. Rf8 g1=Q 43. Rxf5+ 0-1

[Event "Fraser Heights inv."]
[Site "Surrey CAN"]
[Date "2011.01.02"]
[Round "1"]
[White "Patterson, Roger"]
[Black "Doknjas, John"]
[Result "1-0"]
[WhiteElo "2138"]
[BlackElo "1950"]
[PlyCount "73"]
[GameId "2160767909829772"]
[EventDate "2011.01.02"]
[EventType "tourn"]
[EventRounds "5"]
[EventCountry "CAN"]

1. e4 c5 2. Nf3 d6 3. d4 cxd4 4. Nxd4 Nf6 5. Nc3 a6 6. f4 e5 7. Nf3 Nbd7 8. a4 Be7 9. Bd3 O-O 10. O-O Rb8 11. Kh1 exf4 12. Bxf4 Nc5 13. Nd4 Ne6 14. Be3 Nxd4 15. Bxd4 Be6 16. Nd5 Ng4 17. a5 Ne5 18. c4 Bxd5 19. exd5 Bf6 20. b4 Nd7 21. Bxf6 Nxf6 22. Qd2 Nd7 23. Rac1 Rc8 24. Bf5 Rc7 25. Bxd7 Rxd7 26. Rfe1 f5 27. Re6 f4 28. Rce1 Rdf7 29. Qe2 f3 30. gxf3 Rxf3 31. Qxf3 Rxf3 32. Re8+ Qxe8 33. Rxe8+ Kf7 34. Rb8 Rc3 35. Rxb7+ Kf8 36. b5 axb5 37. cxb5 1-0

[Event "Futurity 4"]
[Site "Winnipeg CAN"]
[Date "2011.01.04"]
[Round "1"]
[White "Lipic, Stephen"]
[Black "Lauritson, Jim"]
[Result "1/2-1/2"]
[WhiteElo "1839"]
[BlackElo "1977"]
[PlyCount "51"]
[GameId "2160767909829721"]
[EventDate "2011.01.04"]
[EventType "tourn"]
[EventRounds "5"]
[EventCountry "CAN"]

1. f4 d5 2. Nf3 Nf6 3. e3 e6 4. Be2 c5 5. d3 Nc6 6. O-O Be7 7. b3 O-O 8. Bb2 b6 9. Ne5 Bb7 10. Nd2 Nd7 11. Ndf3 f6 12. Ng4 Bd6 13. d4 Qe7 14. c4 cxd4 15. Nxd4 Nxd4 16. Bxd4 Nc5 17. Bf3 dxc4 18. bxc4 Rad8 19. Qe1 Bxf3 20. Rxf3 Ne4 21. Nf2 Nxf2 22. Qxf2 Qc7 23. Rc1 Qc6 24. Qc2 Bc5 25. Rh3 h6 26. Rxh6 1/2-1/2

[Event "Futurity 4"]
[Site "Winnipeg CAN"]
[Date "2011.02.03"]
[Round "1"]
[White "Zaczek, Jonathon"]
[Black "Melamedoff, Gustavo"]
[Result "1-0"]
[WhiteElo "2300"]
[BlackElo "2084"]
[PlyCount "51"]
[GameId "2160767909829722"]
[EventDate "2011.01.04"]
[EventType "tourn"]
[EventRounds "5"]
[EventCountry "CAN"]

1. e4 c5 2. Nf3 e6 3. d4 cxd4 4. Nxd4 a6 5. c4 Ne7 6. Nc3 Nbc6 7. Be3 Nxd4 8. Qxd4 Nc6 9. Qd2 Bb4 10. a3 Bxc3 11. Qxc3 Qf6 12. Qxf6 gxf6 13. Bc5 Rg8 14. g3 Na5 15. Bb6 Nb3 16. Rd1 a5 17. a4 d6 18. Rd3 Nc5 19. Rxd6 Rg5 20. f4 Ke7 21. Rd1 Rh5 22. Be2 Bd7 23. Bxh5 Nxa4 24. Bd4 Bc6 25. b3 Bxe4 26. O-O 1-0

[Event "Futurity 4"]
[Site "Winnipeg CAN"]
[Date "2011.01.18"]
[Round "2"]
[White "Melamedoff, Gustavo"]
[Black "Lipic, Stephen"]
[Result "1-0"]
[WhiteElo "2084"]
[BlackElo "1839"]
[PlyCount "129"]
[GameId "2160767909829723"]
[EventDate "2011.01.04"]
[EventType "tourn"]
[EventRounds "5"]
[EventCountry "CAN"]

1. Nf3 d5 2. b3 c5 3. g3 Nc6 4. Bg2 Bf5 5. O-O e6 6. d3 Be7 7. Nbd2 Nf6 8. Bb2 O-O 9. a3 Rc8 10. Qe1 b5 11. e4 Bg6 12. e5 Nd7 13. a4 a6 14. axb5 axb5 15. Qe2 Qc7 16. h4 Nb4 17. Ne1 d4 18. h5 Bf5 19. g4 Bxg4 20. Qxg4 Qxe5 21. Ndf3 Qe2 22. Nh2 Qxg4 23. Nxg4 h6 24. c3 dxc3 25. Bxc3 Nd5 26. Bd2 N7f6 27. Nxf6+ Bxf6 28. Ra5 Bc3 29. Bxc3 Nxc3 30. Nf3 c4 31. dxc4 bxc4 32. bxc4 Rxc4 33. Ne5 Rh4 34. Bf3 Rf4 35. Kg2 Rf5 36. Bg4 Rf4 37. Rc1 Nd5 38. Kg3 Rb4 39. Rc7 Nf6 40. Raa7 Nxg4 41. Nxg4 Rb5 42. Kh4 Rf5 43. Rc4 Kh7 44. f4 g6 45. hxg6+ Kxg6 46. Ne5+ Kg7 47. Kg4 Rb8 48. Rcc7 Rf8 49. Nd7 Rg8 50. Nc5 h5+ 51. Kf3 Re8 52. Ra1 e5 53. Rg1+ Kh7 54. Ne4 Rxf4+ 55. Ke3 Rf8 56. Ng5+ Kh8 57. Rc6 Rg4 58. Rxg4 hxg4 59. Ke4 f5+ 60. Kxe5 f4 61. Ne6 Rf7 62. Rc8+ Kh7 63. Ng5+ Kg7 64. Nxf7 f3 65. Kf4 1-0